LIBRARY & INFORMATION CENTRE, KCAET, TAVANUR

ONLINE PUBLIC ACCESS CATALOGUE (OPAC)

Catastrophic flooding / (Record no. 2741)

MARC details
000 -LEADER
fixed length control field 00380cam a2200157ua 4500
003 - CONTROL NUMBER IDENTIFIER
control field OSt
008 - FIXED-LENGTH DATA ELEMENTS--GENERAL INFORMATION
fixed length control field 250813b |||||||| |||| 00| 0 eng d
041 ## - LANGUAGE CODE
Language code of text/sound track or separate title eng
082 ## - DEWEY DECIMAL CLASSIFICATION NUMBER
Classification number 627.4
Item number MAY/CA
100 ## - MAIN ENTRY--AUTHOR NAME
Personal name Mayer, L .
245 ## - TITLE STATEMENT
Title Catastrophic flooding /
260 ## - PUBLICATION, DISTRIBUTION, ETC. (IMPRINT)
Place of publication London :
Name of publisher Bostan Allen&Unwin ,
Year of publication 1987.
300 ## - PHYSICAL DESCRIPTION
Number of Pages 410 ; .
700 1# - ADDED ENTRY--PERSONAL NAME
Personal name Nash, D .
942 ## - ADDED ENTRY ELEMENTS (KOHA)
Koha item type Books
Holdings
Withdrawn status Lost status Damaged status Home library Current library Date acquired Full call number Accession Number Koha item type
      KAUAET KAUAET 07/04/2012 627.4 MAY/CA 17870 Books
free website counter